| 000 | 01650nkm a2200313 i 4500 | ||
|---|---|---|---|
| 001 | 4415 | ||
| 003 | ES-MaACL | ||
| 005 | 20250713063035.0 | ||
| 007 | khrbo | ||
| 008 | 070711s1988 sp --- g |001||spa d | ||
| 100 | 0 |
_aAlfonso, _d1902-1990 _919858 |
|
| 245 | 1 | 0 |
_aMesa redonda "La época de Carlos III" [ _hFotografía] / _cAlfonso (sello). |
| 260 |
_a[S.l. : _bs.n.], _c1988. |
||
| 300 |
_a2 fot. : _bb. y n. ; _c12 x 18 cm. |
||
| 500 | _aDatos basados en invitación. | ||
| 505 | 8 | _aConferencias: "Beneficencia pública" por Mª Isabel de la Vega; "Reforma del mundo laboral" por Luis H. Castellanos; "La pintura en el grabado" por Mª Luisa Peralta Campoamor; "Bibliografía : higiene escolar" por Paloma Hernández Fraile | |
| 511 | 0 | _aIntervienen: Mª Isabel de la Vega, Luis H. Castellanos, Mª Luisa Peralta Campoamor, Paloma Hernández Fraile; introducción: Félix Rodríguez Madiedo. | |
| 518 | _aActo organizado por la Sección de Ciencias de la Salud del Ateneo de Madrid, celebrado en el salón de actos el jueves, 15 de septiembre de 1988, a las 20:00 h. | ||
| 600 | 1 | 4 |
_aVega, María Isabel de la. _9113574 |
| 600 | 1 | 4 |
_aCastellanos, Luis H. _936531 |
| 600 | 1 | 4 |
_aPeralta Campoamor, María Luisa. _990383 |
| 600 | 1 | 4 |
_aHernández Fraile, Paloma. _962937 |
| 600 | 1 | 4 |
_aRodríguez Madiedo, Félix. _998631 |
| 610 | 2 | 4 |
_aAteneo de Madrid- _xActos culturales- _y1988- _vFotografías. _91903 |
| 710 | 2 |
_aAteneo de Madrid. _bSección de Ciencias de la Salud. _91974 |
|
| 852 |
_aES-MaACL _jFOT 229/1988 |
||
| 856 | 4 |
_uhttp://www.ateneodemadrid.net/biblioteca_digital/imagenes/1988/0229-1988.jpg _zVer imagen |
|
| 999 |
_c4415 _d4415 |
||